000 00484nam a22001577a 4500
999 _c17710
_d17710
008 190525b xxu||||| |||| 00| 0 eng d
020 _a99667345
040 _aKABU
_cKABU
050 _aDT433.5
_b.K46W33 2013 c. 1
100 _aWachira, Kondia mwaniki
245 _aKenya book of records
_cKondia Mwaniki Wachira
260 _aNairobi, Kenya
_bAfritell Publishers
_c2013
300 _a[ix], 298 p.
650 _aKenya
_xmiscellanea
_xPeriodicals
942 _2lcc
_cAFRI
_hDT433.5